Szczegóły MARC21

Oblomov : roman v četyreh častâh /

003 -Nazwa inst., której nr kontr. jest w polu 001 [,]
    • @
    • Nazwa instytucji, której n kontrolny jest w polu 001
    • NUKAT
005 -DATA I CZAS OSTATNIEJ MODYFIKACJI [,]
    • @
    • pole kontrolne
    • 20241231114100.0
040 -Instytucja sporządzająca opis [ , ]
    • a
    • Instytucja, która sporządziła opis (NP)
    • NUKAT
    • c
    • Instytucja, która sporządziła rekord (NP)
    • WA U/RET
    • d
    • Instytucja, która zmodyfikowała rekord (P)
    • WA U/KGO
    • d
    • Instytucja, która zmodyfikowała rekord (P)
    • WA U/ACH
942 -Rodzaj dokumentu [ , ]
    • c
    • Rodzaj dokumentu
    • Książka
100 -Hasło główne - nazwa osobowa [1, ]
    • a
    • Nazwa osobowa (NP)
    • Gončarov, Ivan Aleksandrovič
    • d
    • Daty biograficzne (NP)
    • (1812-1891).
    • 9
    • KHW
    • 48269
240 -Tytuł ujednolicony [1,0]
    • a
    • Tytuł ujednolicony
    • Oblomov
    • l
    • Język tekstu
    • (ros.)
    • 9
    • KHW
    • 450448
245 -Strefa tytułu i oznaczenia odpowiedzialności [1,0]
    • a
    • Tytuł
    • Oblomov : Find
    • b
    • Ciąg dalszy tytułu (NP)
    • roman v četyreh častâh / Find
    • c
    • Pozostałe elementy strefy tytułu i oznaczenia odpowiedzialności (NP)
    • I. A. Gončarov.
260 -Strefa adresu wydawniczego [ , ]
    • a
    • Miejsce wydania (P)
    • Moskva :
    • b
    • Nazwa wydawcy (P)
    • Gosudarstvennoe Izdatel'stvo Detskoj Literatury Ministerstva Prosveŝeniâ RSFSR,
    • c
    • Data wydania (P)
    • 1955.
300 -Strefa opisu fizycznego [ , ]
    • a
    • Określenie formy książki i/lub objętość (NP)
    • 542 s., [8] k. tabl. :
    • b
    • Oznaczenie ilustracji (NP)
    • il. ;
    • c
    • Format (NP)
    • 21 cm.
336 -Typ zawartości [ , ]
    • a
    • Termin opisujący typ zawartości
    • Tekst
    • b
    • Kod określający zawartość
    • txt
    • 2
    • Źródło (terminu i kodu)
    • rdacontent
337 -Typ mediów [ , ]
    • a
    • Tryb odtwarzania
    • Bez urządzenia pośredniczącego
    • b
    • Kod typu mediów
    • n
    • 2
    • Źródło (terminu i kodu)
    • rdamedia
338 -Typ/rodzaj nośnika [ , ]
    • a
    • Hasło opisujące typ nośnika
    • Wolumin
    • b
    • Kod typu nośnika
    • nc
    • 2
    • Źródło (terminu i kodu)
    • rdacarrier
490 -Strefa serii i książki wielotomowej - forma nie do wyszukiwania [1, ]
    • a
    • Tytuł (P)
    • Škol'naâ Biblioteka Find
830 -Hasło dodatkowe serii i opisu książki wielotomowej - tytuł ujednolicony/tytuł [ ,0]
    • a
    • Tytuł ujednolicony/tytuł (NP)
    • Školʹnaâ Biblioteka
    • x
    • ISSN
    • 1994-6465
    • 9
    • KHW
    • 16024
080 -Uniwersalna Klasyfikacja Dziesiętna [ , ]
    • a
    • Symbol klasyfikacji
    • 821.161.1-3
    • 2
    • Identyfikator wydania tablic
    • UDC-P058
    • 9
    • UKD
    • 8275
    • b
    • Dopowiedzenie
    • Literatura rosyjska. - Powieści, nowele, opowiadania.
    • 4
    • UKD2
    • 7659
    • x
    • Poddział wspólny
    • =161.1
    • c
    • Dopowiedzenie poddz. wspólnego
    • =Język rosyjski.
980 -Symbol UKD [ , ]
    • a
    • UKD
    • 821.161.1-3=161.1
Data inwentaryzacji Lokalizacja Status udost. Numer inwentarzowy
2002-11-29BG1JK.288